[Event "European Blitz 2022"]
[Site "Katowice POL"]
[Date "2022.12.16"]
[Round "5.93"]
[White "Larkin, Vladyslav"]
[Black "Wojdak, Jan"]
[Result "0-1"]
[WhiteTitle "IM"]
[WhiteElo "2452"]
[BlackElo "2115"]
[WhiteFideId "14152894"]
[BlackFideId "21817111"]
[EventDate "2022.12.16"]

1. e4 e5 2. Nf3 Nc6 3. Bb5 Nf6 4. O-O Nxe4 5. d4 Nd6 6. Bxc6 dxc6 7. dxe5 Nf5 8.
Qxd8+ Kxd8 9. h3 Be7 10. Nc3 Nh4 11. Ng5 Ke8 12. Re1 Nf5 13. Nf3 Nh4 14. Nxh4
Bxh4 15. Ne4 Be7 16. Bg5 Be6 17. b3 b6 18. Rad1 c5 19. f4 h5 20. Rd2 Rd8 21.
Red1 Rxd2 22. Rxd2 Bf5 23. Bxe7 Kxe7 24. Ng3 Bd7 25. Kf2 h4 26. Ne4 Bf5 27. Ng5
a5 28. c3 Ra8 29. a3 a4 30. b4 cxb4 31. cxb4 c5 32. bxc5 bxc5 33. Rb2 Ra7 34.
Nf3 Be4 35. Nxh4 c4 36. Ke3 c3 37. Re2 c2 38. Re1 Rd7 39. Ke2 Rd3 40. Nf3 Rxa3
41. Nd2 Bd3+ 42. Kf2 Rc3 43. Rc1 a3 44. Ke3 Bf5+ 45. Ke2 a2 46. g4 Bd3+ 47. Ke3
Bh7+ 48. Ke2 a1=Q 49. Rxa1 c1=Q 50. Rxc1 Rxc1 51. Nf3 Be4 52. Ng5 Bd5 53. Ke3
Rh1 54. Kd4 Bb7 55. f5 f6 56. Ne6 fxe5+ 57. Kxe5 Rxh3 58. Nxg7 0-1

[Event "European Blitz 2022"]
[Site "Katowice POL"]
[Date "2022.12.16"]
[Round "5.94"]
[White "Fortuny Profitos, Jordi"]
[Black "Spalir, Jernej"]
[Result "0-1"]
[BlackTitle "IM"]
[WhiteElo "2111"]
[BlackElo "2377"]
[WhiteFideId "32004087"]
[BlackFideId "14606518"]
[EventDate "2022.12.16"]

1. d4 d5 2. Bf4 Nf6 3. e3 e6 4. Nf3 c5 5. c3 Nc6 6. Nbd2 cxd4 7. exd4 Nh5 8. Be3
Bd6 9. Ne5 g6 10. g4 Ng7 11. h4 h5 12. Nd3 hxg4 13. Qxg4 e5 14. Qg5 Be7 15. Qg2
exd4 16. cxd4 Rxh4 17. Rxh4 Bxh4 18. O-O-O Bf5 19. Nc5 b6 20. Nd3 Rc8 21. Kb1
Nb4 22. Nb3 Qc7 23. Rc1 Qd7 24. Rxc8+ Qxc8 25. Qh2 Nxd3 26. Bxd3 Bxd3+ 27. Ka1
Be7 28. Qh8+ Bf8 29. Qh1 Be4 30. Qh2 Ne6 31. a3 Qc7 32. Qg1 Bd6 33. Nd2 Qc2 34.
Nxe4 Qxe4 35. Qc1 Kd7 36. Qc3 Bf4 37. Bxf4 Qxf4 38. Qc2 Qxd4 39. Ka2 Qc4+ 40.
Qxc4 dxc4 0-1

[Event "European Blitz 2022"]
[Site "Katowice POL"]
[Date "2022.12.16"]
[Round "5.95"]
[White "Barski, Radoslaw"]
[Black "Kulesza, Andrzej"]
[Result "1-0"]
[WhiteTitle "IM"]
[WhiteElo "2441"]
[BlackElo "2053"]
[WhiteFideId "1131710"]
[BlackFideId "21836264"]
[EventDate "2022.12.16"]

1. e4 c5 2. Nf3 d6 3. Bb5+ Bd7 4. Bxd7+ Nxd7 5. O-O Ngf6 6. Qe2 e6 7. b3 Be7 8.
Bb2 O-O 9. c4 Re8 10. d4 cxd4 11. Nxd4 a6 12. Nc3 Rc8 13. Rad1 Qc7 14. Kh1 Bf8
15. f4 b6 16. Nf3 Nc5 17. e5 dxe5 18. fxe5 Nh5 19. Ng5 g6 20. Rxf7 Qxf7 21. Nxf7
Kxf7 22. b4 Nb7 23. a3 Kg8 24. Ne4 Red8 25. Rf1 Rc7 26. g4 Ng7 27. Nf6+ Kh8 28.
Qf2 g5 29. Ne8 1-0

[Event "European Blitz 2022"]
[Site "Katowice POL"]
[Date "2022.12.16"]
[Round "5.96"]
[White "Kaliszuk, Kamil"]
[Black "Novotny, Michal"]
[Result "1-0"]
[BlackTitle "FM"]
[WhiteElo "2103"]
[BlackElo "2250"]
[WhiteFideId "21870160"]
[BlackFideId "310980"]
[EventDate "2022.12.16"]

1. e4 e6 2. d4 d5 3. Nd2 a6 4. Ngf3 c5 5. exd5 exd5 6. dxc5 Bxc5 7. Nb3 Bb6 8.
Bg5 Nf6 9. Bd3 Qe7+ 10. Qe2 Qxe2+ 11. Kxe2 Ne4 12. Be3 Bxe3 13. Kxe3 O-O 14.
Bxe4 Re8 15. Rhe1 dxe4 16. Nfd4 Nd7 17. f3 Nf6 18. h3 Nd5+ 19. Kf2 e3+ 20. Kf1
f5 21. c4 Nb4 22. Ke2 f4 23. a3 Nc6 24. Nxc6 bxc6 25. Nd4 c5 26. Nc2 Bf5 27.
Rac1 Rab8 28. b4 Red8 29. Red1 Rxd1 30. Kxd1 Rd8+ 31. Ke1 Rd2 32. bxc5 Bxc2 33.
c6 Bf5 34. c7 Kf7 35. Rb1 Bd7 36. Rb8 Rxg2 37. c8=Q Bxc8 38. Rxc8 Ra2 39. Rc7+
Kf6 40. Rc6+ Ke5 41. Rxa6 Kd4 42. Ra7 g5 43. c5 Kxc5 44. Ra5+ Kd4 45. Rxg5 Rxa3
46. Rf5 Ra1+ 47. Ke2 Ra2+ 48. Ke1 Kd3 49. Rd5+ Kc3 50. Rc5+ Kd3 51. Rd5+ Kc3 1-0

[Event "European Blitz 2022"]
[Site "Katowice POL"]
[Date "2022.12.16"]
[Round "5.97"]
[White "Prokshaj, Imer"]
[Black "Piesik, Piotr"]
[Result "0-1"]
[BlackTitle "IM"]
[WhiteElo "1964"]
[BlackElo "2420"]
[WhiteFideId "953890"]
[BlackFideId "1136194"]
[EventDate "2022.12.16"]

1. e4 g6 2. d4 Bg7 3. f4 d5 4. e5 Nh6 5. c3 c6 6. Nf3 Bg4 7. Be2 Nf5 8. O-O h5
9. h3 Bxf3 10. Bxf3 h4 11. Bg4 e6 12. Bxf5 gxf5 13. c4 dxc4 14. Nc3 Nd7 15. Be3
b5 16. a4 b4 17. Ne2 a5 18. Rc1 Nb6 19. Kh2 Bf8 20. b3 c3 21. Qd3 Rg8 22. Bf2
Qd5 23. Rg1 Qxb3 24. Bxh4 Qc4 25. Qf3 Qd5 26. Qd3 Nxa4 27. Bf6 Nb2 28. Qe3 Nc4
29. Qd3 Be7 30. Bxe7 Kxe7 31. Nxc3 bxc3 32. Rxc3 Nb6 33. Rc5 Qe4 34. Qxe4 fxe4
35. Rxc6 Nd5 36. Rf1 e3 37. f5 exf5 38. Rc5 e2 39. Re1 Nf4 40. d5 Rxg2+ 41. Kh1
Rf2 0-1

[Event "European Blitz 2022"]
[Site "Katowice POL"]
[Date "2022.12.16"]
[Round "5.98"]
[White "Przybylski, Bartosz"]
[Black "Stremavicius, Pijus"]
[Result "0-1"]
[BlackTitle "FM"]
[WhiteElo "2085"]
[BlackElo "2369"]
[WhiteFideId "1126652"]
[BlackFideId "12812730"]
[EventDate "2022.12.16"]

1. e4 d6 2. Nf3 Nf6 3. Nc3 g6 4. d4 Bg7 5. Bd3 O-O 6. O-O a6 7. a4 Nc6 8. h3 e5
9. dxe5 dxe5 10. Bc4 Qe7 11. Bg5 Qb4 12. Bb3 Be6 13. Nd5 Bxd5 14. exd5 Nd4 15.
Nxd4 exd4 16. Qf3 Nd7 17. Bf4 Ne5 18. Qg3 Rfe8 19. Rad1 Rad8 20. Bg5 Rd7 21. Qh4
c5 22. dxc6 Nxc6 23. Bf6 Na5 24. Bxg7 Kxg7 25. Qg4 Ree7 26. Qg3 d3 27. Rxd3 Nxb3
28. cxb3 Rc7 29. Rc3 Rcd7 30. Qf3 Rd2 31. Rc4 Qd6 32. Qc3+ f6 33. b4 Ree2 34.
Rc7+ Kh6 35. Rc5 Qf4 36. Rc4 Rxf2 0-1

[Event "European Blitz 2022"]
[Site "Katowice POL"]
[Date "2022.12.16"]
[Round "5.99"]
[White "Madan, Augustin"]
[Black "Gradalski, Olaf"]
[Result "1-0"]
[WhiteTitle "IM"]
[WhiteElo "2292"]
[BlackElo "2079"]
[WhiteFideId "1210327"]
[BlackFideId "21840580"]
[EventDate "2022.12.16"]

1. d4 Nf6 2. Nc3 d5 3. Bf4 a6 4. e3 e6 5. g4 c5 6. g5 Nfd7 7. Nf3 Nc6 8. h4 Be7
9. Qd2 b5 10. Bh3 Nb6 11. b3 Bd7 12. Kf1 Rc8 13. Ne2 O-O 14. h5 f6 15. Rg1 Qe8
16. h6 g6 17. Rg3 Rd8 18. Kg2 e5 19. dxe5 Be6 1-0

[Event "European Blitz 2022"]
[Site "Katowice POL"]
[Date "2022.12.16"]
[Round "5.100"]
[White "Czarnecka, Lidia"]
[Black "Mis, Mieszko"]
[Result "0-1"]
[WhiteTitle "WCM"]
[BlackTitle "FM"]
[WhiteElo "2018"]
[BlackElo "2389"]
[WhiteFideId "21807531"]
[BlackFideId "1196448"]
[EventDate "2022.12.16"]

1. e4 d5 2. exd5 Qxd5 3. Nc3 Qa5 4. d4 Nf6 5. Nf3 Bf5 6. Bd2 e6 7. Bc4 Bb4 8. a3
Bxc3 9. Bxc3 Qb6 10. O-O O-O 11. Qe2 Nc6 12. b3 Rad8 13. Rad1 Rfe8 14. h3 Na5
15. Bd3 Bxd3 16. Rxd3 Nc6 17. Bb2 Qa6 18. Ne5 Nxe5 19. Qxe5 Qd6 20. Qg5 Qd5 21.
Qe3 b5 22. Rfd1 a5 23. Bc3 a4 24. Ba5 Qf5 25. bxa4 bxa4 26. c4 Qxa5 27. Qg3 Qf5
28. Rf3 Qg6 29. Qxc7 Rc8 30. Qb7 Rxc4 31. Re3 Rec8 32. Kh2 Qh5 33. Rdd3 Ng4+ 0-1

[Event "European Blitz 2022"]
[Site "Katowice POL"]
[Date "2022.12.16"]
[Round "6.1"]
[White "Maltsevskaya, Aleksandra"]
[Black "Navara, David"]
[Result "0-1"]
[WhiteTitle "IM"]
[BlackTitle "GM"]
[WhiteElo "2400"]
[BlackElo "2684"]
[WhiteFideId "24174041"]
[BlackFideId "309095"]
[EventDate "2022.12.16"]

1. e4 c6 2. d4 d5 3. exd5 cxd5 4. c4 Nf6 5. Nc3 Nc6 6. Nf3 Be6 7. c5 g6 8. Bb5
Bg7 9. O-O O-O 10. Qa4 Bd7 11. Re1 a6 12. Bxc6 Bxc6 13. Qb3 Ne4 14. Bf4 Qd7 15.
Rad1 Kh8 16. Ne5 Qf5 17. Bg3 Bxe5 18. Bxe5+ f6 19. Bg3 Rad8 20. f3 Nxg3 21. hxg3
Rfe8 22. g4 Qd7 23. Qc2 e5 24. Qf2 Qc7 25. Re2 Re7 26. Rde1 Rde8 27. Qg3 g5 28.
Qh2 Kg7 29. dxe5 fxe5 30. Nd1 Bb5 31. Rd2 Qxc5+ 32. Kh1 d4 33. Nf2 Bc6 34. Nd3
Qa5 35. Rde2 Qxa2 36. Rxe5 Rxe5 37. Nxe5 Qa5 38. Qg3 Bb5 39. Kh2 Qc7 40. f4 d3
41. Nf3 Rxe1 42. Qxe1 Qxf4+ 43. Kh1 Qf6 44. Qe3 h6 45. b4 Bc6 46. Nd2 Qa1+ 47.
Kh2 Qf6 48. Qxd3 Qf4+ 49. Kg1 Qxg4 50. Qc3+ Kg8 51. Qb3+ Kf8 52. g3 Qd4+ 0-1

[Event "European Blitz 2022"]
[Site "Katowice POL"]
[Date "2022.12.16"]
[Round "6.2"]
[White "Svane, Rasmus"]
[Black "Plaskan, Jure"]
[Result "1-0"]
[WhiteTitle "GM"]
[WhiteElo "2622"]
[BlackElo "2241"]
[WhiteFideId "4657101"]
[BlackFideId "14605252"]
[EventDate "2022.12.16"]

1. Nf3 Nf6 2. g3 g6 3. Bg2 Bg7 4. O-O O-O 5. d4 d6 6. Re1 Nc6 7. d5 Ne5 8. Nxe5
dxe5 9. c4 e6 10. e4 c6 11. Nc3 exd5 12. exd5 cxd5 13. Nxd5 Nxd5 14. Bxd5 Qc7
15. Be3 Bf5 16. Qb3 Rac8 17. c5 Rb8 18. Rac1 Bd7 19. Red1 Bc6 20. Qc4 Rbd8 21.
b4 Qd7 22. Bxc6 Qxd1+ 23. Rxd1 Rxd1+ 24. Kg2 bxc6 25. Qa6 f5 26. Qxc6 f4 27. Qf3
Rd3 28. Qe4 f3+ 29. Kh3 Rdd8 30. c6 Rf7 31. b5 Rb8 32. a4 Bf6 33. Qxf3 Bd8 34.
Qd5 Bb6 35. Bxb6 axb6 36. a5 Kg7 37. axb6 Rxb6 38. Qc5 Rb8 39. c7 Rc8 40. b6 g5
41. Qxe5+ Kg8 42. Qxg5+ Rg7 43. Qd8+ 1-0

[Event "European Blitz 2022"]
[Site "Katowice POL"]
[Date "2022.12.16"]
[Round "6.3"]
[White "Gaponenko, Inna"]
[Black "Deac, Bogdan-Daniel"]
[Result "0-1"]
[WhiteTitle "IM"]
[BlackTitle "GM"]
[WhiteElo "2341"]
[BlackElo "2700"]
[WhiteFideId "14101181"]
[BlackFideId "1226380"]
[EventDate "2022.12.16"]

1. e4 g6 2. d4 Bg7 3. Nc3 c6 4. f4 d5 5. e5 h5 6. Nf3 Bg4 7. h3 Bxf3 8. Qxf3 e6
9. Be3 h4 10. Bf2 Ne7 11. Bd3 Nd7 12. O-O Nf5 13. Ne2 a5 14. b3 Bf8 15. c4 Be7
16. Rac1 Nb6 17. c5 Nd7 18. a3 O-O 19. Kh1 Kg7 20. Ng1 b6 21. Bxf5 exf5 22. cxb6
Qxb6 23. a4 Rh8 24. Rc3 Nf8 25. Rfc1 Rc8 26. Qe3 Ne6 27. Nf3 Rc7 28. R3c2 Ba3
29. Rd1 Be7 30. Rdc1 Qb7 31. Rc3 Rcc8 32. R3c2 Rb8 33. Rc3 Nd8 34. Qe2 Rc8 35.
Qc2 Qb6 36. Qe2 Rh5 37. Qc2 Bb4 38. Rd3 Ne6 39. Be3 Rhh8 40. Qf2 Be7 41. Rdc3
Rc7 42. Qc2 Rb7 43. Qf2 Qa7 44. Qc2 Qb8 45. Rb1 Rc8 46. Kh2 Rb4 47. Kh1 c5 48.
Kh2 0-1

[Event "European Blitz 2022"]
[Site "Katowice POL"]
[Date "2022.12.16"]
[Round "6.4"]
[White "D'Costa, Lorin"]
[Black "Santos Latasa, Jaime"]
[Result "0-1"]
[WhiteTitle "IM"]
[BlackTitle "GM"]
[WhiteElo "2375"]
[BlackElo "2668"]
[WhiteFideId "409219"]
[BlackFideId "2293307"]
[EventDate "2022.12.16"]

1. Nf3 c5 2. c4 Nc6 3. Nc3 Nf6 4. g3 d5 5. cxd5 Nxd5 6. Bg2 g6 7. O-O Bg7 8. Ng5
e6 9. Nge4 b6 10. d3 O-O 11. Bg5 f6 12. Bd2 Nde7 13. a3 h6 14. Be3 Bb7 15. Rc1
f5 16. Nd2 Nd5 17. Nxd5 exd5 18. b4 d4 19. Bf4 g5 20. Qb3+ Kh7 21. bxc5 gxf4 22.
cxb6 Na5 23. Qb5 Qxb6 24. Rb1 Bxg2 25. Kxg2 Rab8 26. Qxb6 0-1

[Event "European Blitz 2022"]
[Site "Katowice POL"]
[Date "2022.12.16"]
[Round "6.5"]
[White "Saric, Ante"]
[Black "Cukrowski, Filip"]
[Result "1/2-1/2"]
[WhiteTitle "GM"]
[BlackTitle "FM"]
[WhiteElo "2504"]
[BlackElo "2402"]
[WhiteFideId "14506254"]
[BlackFideId "1171097"]
[EventDate "2022.12.16"]

1. Nf3 Nf6 2. g3 g6 3. b3 Bg7 4. Bb2 O-O 5. Bg2 c6 6. O-O d5 7. c4 Nbd7 8. d4 a6
9. Nbd2 Re8 10. Qc2 Nf8 11. e4 dxe4 12. Nxe4 Nxe4 13. Qxe4 Bf5 14. Qe3 Qc8 15.
Rfe1 Nd7 16. Rad1 Nf6 17. Ba3 h6 18. Qf4 e6 19. Ne5 g5 20. Qc1 Nd7 21. Bd6 Nxe5
22. dxe5 Bg6 23. c5 Qd8 24. Qc3 a5 25. Be4 g4 26. Bxg6 fxg6 27. Qe3 h5 28. Kg2
Kh7 29. h3 gxh3+ 30. Kxh3 Bh6 31. Qe2 Qg5 32. Kg2 a4 33. b4 a3 34. Rd4 Qf5 35.
Red1 Rg8 36. Qe4 Qxe4+ 37. Rxe4 Rg7 38. b5 Rf7 39. bxc6 bxc6 40. Rb1 g5 41. f3
Kg6 42. Rb6 Rc8 43. Ra4 Kf5 44. Rxa3 g4 45. Rab3 Rg8 46. Rb8 Rfg7 47. Rxg8 Rxg8
48. a4 gxf3+ 49. Rxf3+ Ke4 50. a5 h4 51. Ra3 hxg3 52. Rxg3 Ra8 53. Rg6 Bf4 54.
Rxe6 Rxa5 55. Rf6 Ra2+ 56. Kf1 Ra1+ 57. Ke2 Ra2+ 58. Kd1 Kd3 59. Ke1 Re2+ 60.
Kf1 Bxe5 61. Rf3+ Kd2 62. Rf2 Rxf2+ 63. Kxf2 Bd4+ 64. Kf3 Kd3 65. Be7 Kc4 66.
Ke2 Bxc5 67. Bf6 Bd4 1/2-1/2

[Event "European Blitz 2022"]
[Site "Katowice POL"]
[Date "2022.12.16"]
[Round "6.6"]
[White "Cyfka, Karina"]
[Black "Sargsyan, Shant"]
[Result "0-1"]
[WhiteTitle "IM"]
[BlackTitle "GM"]
[WhiteElo "2348"]
[BlackElo "2645"]
[WhiteFideId "1122681"]
[BlackFideId "13306766"]
[EventDate "2022.12.16"]

1. d4 Nf6 2. c4 e6 3. Nf3 d5 4. Nc3 h6 5. Bf4 Bb4 6. a3 Bxc3+ 7. bxc3 c5 8. e3
Qa5 9. Qb3 Nc6 10. Bd3 dxc4 11. Bxc4 cxd4 12. exd4 O-O 13. O-O Qf5 14. Bg3 Na5
15. Qa2 Nxc4 16. Qxc4 b6 17. Rfe1 Bb7 18. Ne5 Rfc8 19. Qb3 Ne4 20. Rac1 Rd8 21.
Re3 f6 22. Nd3 Rac8 23. Nf4 Bd5 24. c4 Nd2 25. Nxd5 exd5 26. Qa4 Rxc4 27. Rxc4
Qb1+ 0-1

[Event "European Blitz 2022"]
[Site "Katowice POL"]
[Date "2022.12.16"]
[Round "6.7"]
[White "Drazic, Sinisa"]
[Black "Yuffa, Daniil"]
[Result "0-1"]
[WhiteTitle "GM"]
[BlackTitle "GM"]
[WhiteElo "2372"]
[BlackElo "2587"]
[WhiteFideId "901172"]
[BlackFideId "24131423"]
[EventDate "2022.12.16"]

1. d4 Nf6 2. Bg5 d5 3. Nd2 c5 4. e3 Nc6 5. c3 Bg4 6. Qb3 Qb6 7. dxc5 Qxc5 8.
Ngf3 Bxf3 9. Nxf3 Ne4 10. Bf4 O-O-O 11. Ne5 g5 12. Nxc6 Qxc6 13. Be5 f6 14. Bd4
a6 15. Bb6 Rd7 16. Be2 e6 17. O-O Nd2 18. Qd1 Nxf1 19. Ba5 Nxe3 20. fxe3 Bc5 21.
Qd2 Kb8 22. b4 Ba7 23. Rb1 b5 24. a4 Rc8 25. axb5 axb5 26. Kf1 Qxc3 27. Qxc3
Rxc3 28. Bxb5 Rb7 29. Ba6 Bxe3 30. Ke2 Bb6 31. Bxb7 Kxb7 32. Kd2 Rc4 33. Bxb6
Kxb6 34. Kd3 f5 35. g3 h5 36. Rb2 h4 37. gxh4 Rxh4 38. Kc3 e5 39. Rd2 Rh3+ 40.
Kb2 d4 41. Rc2 e4 42. Rc5 Rxh2+ 43. Kb3 Rh3+ 44. Ka4 d3 45. Rxf5 d2 46. Rd5 Rd3 0-1

[Event "European Blitz 2022"]
[Site "Katowice POL"]
[Date "2022.12.16"]
[Round "6.8"]
[White "Lagarde, Maxime"]
[Black "Seemann, Jakub"]
[Result "1-0"]
[WhiteTitle "GM"]
[BlackTitle "FM"]
[WhiteElo "2584"]
[BlackElo "2365"]
[WhiteFideId "662399"]
[BlackFideId "21874697"]
[EventDate "2022.12.16"]

1. e4 c6 2. Nf3 d5 3. d3 Qc7 4. exd5 cxd5 5. c4 Nf6 6. Nc3 e6 7. g3 Bb4 8. Bg2
O-O 9. O-O Bxc3 10. bxc3 dxc4 11. Bf4 Qa5 12. dxc4 Nc6 13. Qb3 Ne4 14. Rfe1 Nc5
15. Qb5 Re8 16. Nd4 Qxb5 17. Nxb5 Nd3 18. Red1 Nxf4 19. gxf4 Rb8 20. Rab1 Na5
21. c5 g6 22. Nd6 Re7 23. c6 b6 24. Nb5 Ba6 25. c7 Rc8 26. Rd8+ Kg7 27. Rxc8
Bxc8 28. Nd6 Ba6 29. Bf1 1-0

[Event "European Blitz 2022"]
[Site "Katowice POL"]
[Date "2022.12.16"]
[Round "6.9"]
[White "Orzech, Dominik"]
[Black "Ziska, Helgi Dam"]
[Result "0-1"]
[WhiteTitle "IM"]
[BlackTitle "GM"]
[WhiteElo "2313"]
[BlackElo "2546"]
[WhiteFideId "1115065"]
[BlackFideId "7200595"]
[EventDate "2022.12.16"]

1. d4 g6 2. e4 d6 3. Nc3 Bg7 4. Nf3 Nd7 5. Bc4 c6 6. O-O d5 7. Bb3 Nb6 8. Re1
Bg4 9. h3 Bxf3 10. Qxf3 Nf6 11. Bg5 dxe4 12. Nxe4 O-O 13. Rad1 a5 14. a3 a4 15.
Ba2 Nfd5 16. c4 Nf6 17. Bxf6 exf6 18. d5 cxd5 19. cxd5 f5 20. Nc5 Qc7 21. Rc1
Rac8 22. Rc2 Bd4 23. d6 Qxd6 24. Nxb7 Qf6 25. Rec1 Rxc2 26. Rxc2 Re8 27. g3 Re7
28. Rc6 Qe5 29. Nd6 Kg7 30. Kg2 f6 31. Rxb6 Bxb6 32. Nc8 Qxb2 33. Nxe7 Qxa2 34.
Qb7 Qxf2+ 35. Kh1 Qg1# 0-1

[Event "European Blitz 2022"]
[Site "Katowice POL"]
[Date "2022.12.16"]
[Round "6.10"]
[White "Donchenko, Alexander"]
[Black "Walter, Szymon"]
[Result "1-0"]
[WhiteTitle "GM"]
[BlackTitle "FM"]
[WhiteElo "2636"]
[BlackElo "2327"]
[WhiteFideId "24603295"]
[BlackFideId "1172590"]
[EventDate "2022.12.16"]

1. Nf3 Nf6 2. c4 e6 3. g3 d5 4. Bg2 dxc4 5. Qa4+ c6 6. Qxc4 b5 7. Qc2 Bb7 8. a4
a6 9. O-O Nbd7 10. d4 Be7 11. Rd1 O-O 12. Nc3 c5 13. axb5 axb5 14. Rxa8 Qxa8 15.
Nxb5 cxd4 16. Rxd4 Bc5 17. Rd1 Rc8 18. Nc3 Nb6 19. Bd2 Nc4 20. Be1 Ng4 21. Qb3
h6 22. h3 Nge3 23. fxe3 Nxe3 24. Rb1 Rb8 25. Qa4 Ba6 26. Bf2 1-0

[Event "European Blitz 2022"]
[Site "Katowice POL"]
[Date "2022.12.16"]
[Round "6.11"]
[White "Baum, Jonasz"]
[Black "Moroni, Luca Jr"]
[Result "0-1"]
[WhiteTitle "IM"]
[BlackTitle "GM"]
[WhiteElo "2420"]
[BlackElo "2576"]
[WhiteFideId "1195360"]
[BlackFideId "865834"]
[EventDate "2022.12.16"]

1. d4 d6 2. e4 e5 3. Nf3 exd4 4. Nxd4 Nf6 5. Nc3 Be7 6. Be2 O-O 7. Be3 Re8 8.
Qd2 Bf8 9. f3 d5 10. O-O-O c5 11. Ndb5 a6 12. Na3 d4 13. Bf4 Nc6 14. Nd5 Nxd5
15. exd5 Qxd5 16. Nc4 b5 17. Nb6 Qxa2 18. Qd3 Qa1+ 19. Kd2 Qa5+ 0-1

[Event "European Blitz 2022"]
[Site "Katowice POL"]
[Date "2022.12.16"]
[Round "6.12"]
[White "Piorun, Kacper"]
[Black "Saraci, Korab"]
[Result "1-0"]
[WhiteTitle "GM"]
[WhiteElo "2611"]
[BlackElo "2192"]
[WhiteFideId "1130420"]
[BlackFideId "4701968"]
[EventDate "2022.12.16"]

1. d4 Nf6 2. Bg5 d6 3. Nc3 Nc6 4. e4 e5 5. Bb5 exd4 6. Bxc6+ bxc6 7. Qxd4 Be7 8.
Nf3 O-O 9. O-O-O Nd7 10. h4 Nc5 11. Rhe1 Ne6 12. Qa4 Nxg5 13. hxg5 Bxg5+ 14. Kb1
Bf6 15. e5 Be7 16. Qxc6 Bd7 17. Qe4 Re8 18. Rh1 g6 19. Nd5 Bf5 20. Qf4 h5 21.
exd6 Bxd6 22. Qd4 Re6 23. Rhe1 Qc8 24. Nf6+ Kf8 25. Nh4 Be5 26. Nd7+ 1-0

[Event "European Blitz 2022"]
[Site "Katowice POL"]
[Date "2022.12.16"]
[Round "6.13"]
[White "Hovhannisyan, Robert"]
[Black "Paszewski, Mateusz"]
[Result "1-0"]
[WhiteTitle "GM"]
[BlackTitle "FM"]
[WhiteElo "2597"]
[BlackElo "2282"]
[WhiteFideId "13302507"]
[BlackFideId "1141058"]
[EventDate "2022.12.16"]

1. e4 c6 2. d4 d5 3. exd5 cxd5 4. Nf3 Nf6 5. c3 Bf5 6. Bf4 Nc6 7. Qb3 Qc8 8. Nh4
Be4 9. Nd2 h6 10. Nxe4 dxe4 11. Be3 e6 12. g3 Be7 13. Ng2 O-O 14. Be2 Qd7 15.
O-O e5 16. Rad1 exd4 17. Bxd4 Nxd4 18. Rxd4 Qc6 19. Rfd1 Bc5 20. R4d2 a6 21. a4
Rfe8 22. Bc4 Re7 23. Bd5 Qc7 24. Qc4 Rc8 25. Qb3 e3 26. fxe3 Rxe3 27. Nxe3 Bxe3+
28. Kg2 Bxd2 29. Rxd2 Nxd5 30. Qxd5 Re8 31. h4 Re7 32. Qd8+ Qxd8 33. Rxd8+ Kh7
34. Kf2 Kg6 35. Rd5 h5 36. a5 f6 37. Kf3 Kh6 38. b4 Kg6 39. c4 Rc7 40. c5 Re7
41. Rd4 Kf5 42. Rd5+ Kg6 43. Rd4 Kf5 44. Rf4+ Kg6 45. Re4 Rd7 46. Ke3 Kf5 47.
Rf4+ Ke5 48. Re4+ Kf5 49. Rd4 Re7+ 50. Kd3 g5 51. Kd2 gxh4 52. Rxh4 Kg5 53. Rd4
f5 54. Rd8 Kg4 55. Rg8+ Kf3 56. Rg5 Ke4 57. Rxh5 Rg7 58. Rh3 Kf3 59. Kd3 Rd7+
60. Kc4 Kg4 61. Rh6 Kxg3 62. Rg6+ Kh4 63. c6 bxc6 64. Rxc6 Ra7 65. Kc5 f4 66.
Kb6 Ra8 67. Kb7 Rf8 68. Kxa6 f3 69. Rc1 Ra8+ 70. Kb7 Re8 71. b5 f2 72. Rf1 Kg3
73. b6 Re7+ 74. Ka6 Re6 75. Ka7 Re5 76. a6 Re7+ 77. b7 Kg2 78. Rxf2+ Kxf2 79.
Ka8 1-0

[Event "European Blitz 2022"]
[Site "Katowice POL"]
[Date "2022.12.16"]
[Round "6.14"]
[White "Vedrickas, Tautvydas"]
[Black "Saraci, Nderim"]
[Result "0-1"]
[WhiteTitle "FM"]
[BlackTitle "IM"]
[WhiteElo "2358"]
[BlackElo "2468"]
[WhiteFideId "12802654"]
[BlackFideId "6351921"]
[EventDate "2022.12.16"]

1. d4 Nf6 2. c4 e6 3. Nc3 d5 4. cxd5 exd5 5. Bg5 c6 6. e3 Be7 7. Bd3 O-O 8. Qc2
Nbd7 9. Nge2 Re8 10. O-O Nf8 11. Rad1 Nh5 12. Bxe7 Qxe7 13. Rfe1 Bg4 14. Kh1
Bxe2 15. Nxe2 g6 16. Ng1 Rac8 17. Nf3 Nd7 18. e4 dxe4 19. Rxe4 Qd6 20. Bc4 Rxe4
21. Qxe4 Nhf6 22. Qh4 Kg7 23. Re1 Rf8 24. Ne5 Qb4 25. Re2 b5 26. Nxd7 Nxd7 27.
Bb3 Qd6 28. h3 Nf6 29. Re5 Rd8 30. Rc5 a5 31. a4 bxa4 32. Bxa4 Qxd4 33. Qxd4
Rxd4 34. b3 Ne4 35. Rxc6 Nxf2+ 36. Kg1 Nd3 37. Ra6 Rd5 38. Ra7 Ne5 39. Kf2 0-1

[Event "European Blitz 2022"]
[Site "Katowice POL"]
[Date "2022.12.16"]
[Round "6.15"]
[White "Livaic, Leon"]
[Black "Garcia Martin, Marta"]
[Result "1-0"]
[WhiteTitle "GM"]
[BlackTitle "IM"]
[WhiteElo "2572"]
[BlackElo "2301"]
[WhiteFideId "14531534"]
[BlackFideId "32084030"]
[EventDate "2022.12.16"]

1. d4 d5 2. c4 e6 3. Nf3 Nf6 4. Nc3 a6 5. cxd5 exd5 6. Bg5 Be6 7. Bxf6 Qxf6 8.
Qb3 Ra7 9. g3 Bd6 10. h4 O-O 11. Bh3 Bxh3 12. Rxh3 Qe6 13. Ng5 Qg4 14. Qxd5 h6
15. Qe4 f5 16. Qd5+ Kh8 17. f3 Qh5 18. Ne6 Re8 19. g4 Qg6 20. Ng5 Nd7 21. gxf5
Qh5 22. Qf7 Qxf7 23. Nxf7+ Kg8 24. Nxd6 cxd6 25. e4 Nf6 26. Kd2 b5 27. a3 Rb8
28. Ne2 b4 29. a4 b3 30. Nc3 Nd7 31. Nd5 Kf7 32. Rc1 Nb6 33. Nxb6 Rxb6 34. f4
Rb4 35. Rd3 Rxa4 36. Ke3 Rb7 37. e5 Ra2 38. Rd2 a5 39. exd6 Ke8 40. Ke4 Kd7 41.
Ke5 a4 42. Rg2 Kd8 43. f6 gxf6+ 44. Ke6 1-0